Statistiques concernant 60 Personnages Simpson

Cliquez ici pour prendre le quiz!

Statistiques générales

  • Ce quiz a été pris 1 876 fois
  • Le résultat moyen est 24 sur 61

Statistiques - réponses

Réponse% Correct
Bart Simpson
99%
Homer Simpson
99%
Lisa Simpson
99%
Marge Simpson
99%
Maggie Simpson
96%
Abraham Simpson
84%
Moe Szyslak
83%
Milhouse Van Houten
79%
Lenny Leonard
78%
Ned Flanders
78%
Carl Carlson
77%
Selma Bouvier
76%
Patty Bouvier
74%
Nelson Muntz
68%
Barney Gumble
67%
Waylon Smithers
67%
Apu Nahasapeemapetilon
64%
Clancy Wiggum
61%
Krusty le Clown
59%
Charles Montgomery Burns
56%
Edna Krapabelle
54%
Todd Flanders
50%
Maude Flanders
49%
Rod Flanders
49%
Seymour Skinner
47%
Tahiti Bob
47%
Willie
45%
Martin Prince
42%
Lou
35%
Mona Simpson
35%
Joe Quimby
34%
Manjula Nahasapeemapetilon
26%
Jimbo Jones
25%
Otto Bus
23%
Gros Tony
22%
Kent Brockman
22%
Le Serpent
20%
Tahiti Mel
20%
Agnes Skinner
18%
Julius Hibbert
17%
Kirk Van Houten
17%
Cletus Spuckler
15%
Kearney Zzyzwicz
15%
Troy McClure
15%
Luann Van Houten
14%
Hélène Lovejoy
11%
Dolph Starbeam
10%
Elizabeth Hoover
10%
Jeff Albertson
10%
Hans Taupeman
9%
Jackie Bouvier
9%
Nick Riviera
9%
Disco Stu
7%
Jasper Beardley
6%
Révérand Lovejoy
6%
Professeur Frink
5%
Bernice Hibbert
4%
Wendell Borton
3%
Janey Powell
2%
Rainier Wolfcastle
2%
Roger Meyers Jr
2%

Distribution des résultats

Percentile par nombre de réponses

% des personnes avec chaque résultat

Votre développement - résultats

Vous n’avez pas pris ce quiz